Heritage in motion : (Record no. 2147)
[ view plain ]
| 000 -LEADER | |
|---|---|
| fixed length control field | 01070nam a2200289 a 4500 |
| 001 - CONTROL NUMBER | |
| control field | 736879 |
| 003 - CONTROL NUMBER IDENTIFIER | |
| control field | GBCCL |
| 005 - DATE AND TIME OF LATEST TRANSACTION | |
| control field | 20241126110419.0 |
| 008 - FIXED-LENGTH DATA ELEMENTS--GENERAL INFORMATION | |
| fixed length control field | 980903s1998 mou b 001 0 eng |
| 010 ## - | |
| -- | 98213298 |
| 020 ## - INTERNATIONAL STANDARD BOOK NUMBER | |
| International Standard Book Number | 0570042666 |
| 040 ## - CATALOGING SOURCE | |
| Original cataloging agency | DLC |
| Transcribing agency | DLC |
| 050 00 - | |
| -- | BX8061.M7 |
| -- | .H38 1998 |
| 082 00 - DEWEY DECIMAL CLASSIFICATION NUMBER | |
| Classification number | 284.1322 |
| Edition information | 21 |
| Item number | HER |
| 245 00 - TITLE STATEMENT | |
| Title | Heritage in motion : |
| Remainder of title | readings in the history of the Lutheran Church--Missouri Synod, 1962-1995 / |
| Statement of responsibility, etc. | edited by August R. Suelflow. |
| 260 ## - PUBLICATION, DISTRIBUTION, ETC. | |
| Place of publication, distribution, etc. | St. Louis : |
| Name of publisher, distributor, etc. | Concordia, |
| Date of publication, distribution, etc. | c1998. |
| 300 ## - PHYSICAL DESCRIPTION | |
| Extent | x, 516 p. ; |
| Dimensions | 23 cm. |
| 500 ## - GENERAL NOTE | |
| General note | Continues: Moving frontiers / edited by Carl S. Meyer. 1964. |
| 504 ## - BIBLIOGRAPHY, ETC. NOTE | |
| Bibliography, etc. note | Includes bibliographical references. |
| 610 20 - SUBJECT ADDED ENTRY--CORPORATE NAME | |
| Corporate name or jurisdiction name as entry element | Lutheran Church--Missouri Synod |
| General subdivision | History. |
| 9 (RLIN) | 2373 |
| 610 20 - SUBJECT ADDED ENTRY--CORPORATE NAME | |
| Corporate name or jurisdiction name as entry element | Lutheran Church--Missouri Synod |
| General subdivision | History |
| -- | Sources. |
| 9 (RLIN) | 4398 |
| 700 1# - ADDED ENTRY--PERSONAL NAME | |
| Personal name | Suelflow, August Robert, |
| Dates associated with a name | 1922- |
| 9 (RLIN) | 4399 |
| 730 0# - | |
| -- | Moving frontiers. |
| -- | 4400 |
| 906 ## - LOCAL DATA ELEMENT F, LDF (RLIN) | |
| a | 7 |
| b | cbc |
| c | orignew |
| d | 2 |
| e | ncip |
| f | 19 |
| g | y-gencatlg |
| 942 ## - ADDED ENTRY ELEMENTS (KOHA) | |
| Source of classification or shelving scheme | Dewey Decimal Classification |
| Koha item type | Books |
| Withdrawn status | Lost status | Source of classification or shelving scheme | Damaged status | Not for loan | Home library | Current Library | Shelving location | Date acquired | Total checkouts | Full call number | Barcode | Date last seen | Copy number | Price effective from | Koha item type |
|---|---|---|---|---|---|---|---|---|---|---|---|---|---|---|---|
| Dewey Decimal Classification | GRACE BIBLE COLLEGE | GRACE BIBLE COLLEGE | Church History | 2017-07-07 | 284.1322 HER | 012880 | 2025-05-01 | c.1 | 2017-07-07 | Books | |||||
| Dewey Decimal Classification | GRACE BIBLE COLLEGE | GRACE BIBLE COLLEGE | Church History | 2017-07-07 | 284.1322 HER | 012881 | 2025-05-01 | c.2 | 2017-07-07 | Books | |||||
| Dewey Decimal Classification | GRACE BIBLE COLLEGE | GRACE BIBLE COLLEGE | Church History | 2017-07-07 | 284.1322 HER | 012882 | 2025-05-01 | c.3 | 2017-07-07 | Books | |||||
| Dewey Decimal Classification | GRACE BIBLE COLLEGE | GRACE BIBLE COLLEGE | Church History | 2017-07-07 | 284.1322 HER | 012883 | 2025-05-01 | c.4 | 2017-07-07 | Books |